[Event "Madrid 2022-2023 ch - Previa A"]
[Site "Madrid ESP"]
[Date "2023.02.13"]
[Round "4.1"]
[White "Alvarez Abejon, Amilcar"]
[Black "Martin Rodriguez, Emilio"]
[Result "0-1"]
[WhiteElo "1863"]
[BlackElo "1979"]
[PlyCount "52"]
[EventDate "2023.02.06"]
[EventType "swiss"]
[EventRounds "9"]
[EventCountry "ESP"]
[SourceTitle "Ajedrez en Madrid"]
[Source "lmi"]
[SourceDate "2023.02.06"]
[SourceVersion "1"]
[SourceVersionDate "2023.03.03"]
[SourceQuality "1"]

1. e4 c6 2. d4 d5 3. e5 c5 4. dxc5 Nc6 5. Nf3 Bg4 6. c3 e6 7. Be3 Nge7 8. Bd3
Bxf3 9. Qxf3 Nxe5 10. Bb5+ N5c6 11. O-O Qa5 12. Be2 Nf5 13. b4 Qd8 14. Bf4 g5
15. Bg3 Bg7 16. Nd2 O-O 17. Rac1 h6 18. Bd3 Nxg3 19. hxg3 d4 20. Qe4 Re8 21.
Qh7+ Kf8 22. Ne4 dxc3 23. Nd6 Re7 24. a3 Rd7 25. f4 f5 26. Bxf5 Bd4+ 0-1

[Event "Madrid 2022-2023 ch - Previa A"]
[Site "Madrid ESP"]
[Date "2023.02.13"]
[Round "4.2"]
[White "Esteban Amo, Jose M."]
[Black "Ruiz Bellon, Manuel"]
[Result "0-1"]
[WhiteElo "1788"]
[BlackElo "1950"]
[PlyCount "138"]
[EventDate "2023.02.06"]
[EventType "swiss"]
[EventRounds "9"]
[EventCountry "ESP"]
[SourceTitle "Ajedrez en Madrid"]
[Source "lmi"]
[SourceDate "2023.02.06"]
[SourceVersion "1"]
[SourceVersionDate "2023.03.03"]
[SourceQuality "1"]

1. d4 d6 2. Nc3 c6 3. e4 Qa5 4. Nf3 Bg4 5. Be2 e5 6. O-O Nf6 7. a3 Be7 8. Be3
Nbd7 9. Nd2 Bxe2 10. Qxe2 O-O 11. Rad1 Rfe8 12. f4 Rad8 13. Nc4 Qc7 14. dxe5
dxe5 15. fxe5 Nxe5 16. Bf4 Bc5+ 17. Kh1 Rxd1 18. Nxd1 Nfd7 19. b4 Bd6 20. Nxd6
Qxd6 21. Ne3 Qe6 22. Bxe5 Qxe5 23. Qf3 f6 24. Nf5 g6 25. Ng3 Kg7 26. Qd3 Nb6
27. Rd1 h5 28. Re1 Re7 29. Nf1 Rd7 30. Qf3 Nc4 31. Ne3 Nd2 32. Qh3 Re7 33. Kg1
Qd4 34. c3 Qb6 35. Kh1 Nxe4 36. Qf3 f5 37. h3 Qc7 38. c4 Qg3 39. Qxg3 Nxg3+ 40.
Kg1 Kf6 41. Kf2 Ne4+ 42. Kg1 Nd2 43. Kf2 f4 44. Nc2 Rxe1 45. Kxe1 Nxc4 46. Ke2
Ke5 47. Kf3 g5 48. a4 Nb2 49. a5 Nc4 50. Ne1 b6 51. axb6 axb6 52. Nc2 Nd2+ 53.
Ke2 Nb3 54. Ne1 Nd4+ 55. Kd3 g4 56. hxg4 hxg4 57. Kc4 Ke4 58. Nd3 b5+ 59. Kc3
g3 60. Nxf4 Ke3 61. Nh3 Ne2+ 62. Kc2 Nf4 63. Nxf4 Kxf4 64. Kd3 Ke5 65. Ke3 Kd5
66. Kd3 c5 67. bxc5 Kxc5 68. Kc3 b4+ 69. Kb3 Kd4 0-1

[Event "Madrid 2022-2023 ch - Previa A"]
[Site "Madrid ESP"]
[Date "2023.02.13"]
[Round "4.3"]
[White "Vazquez Gonzalez, Jesus"]
[Black "Martin-Buitrago Lopez, Antonio"]
[Result "1-0"]
[WhiteElo "1876"]
[BlackElo "1705"]
[PlyCount "35"]
[EventDate "2023.02.06"]
[EventType "swiss"]
[EventRounds "9"]
[EventCountry "ESP"]
[SourceTitle "Ajedrez en Madrid"]
[Source "lmi"]
[SourceDate "2023.02.06"]
[SourceVersion "1"]
[SourceVersionDate "2023.03.03"]
[SourceQuality "1"]

1. e4 c5 2. c3 d5 3. exd5 Qxd5 4. Nf3 Nc6 5. Be2 g6 6. d4 cxd4 7. cxd4 Nf6 8.
Nc3 Qa5 9. O-O Be6 10. Ng5 Bd5 11. Nxd5 Nxd5 12. Bc4 Bg7 13. Bd2 Qd8 14. Qf3
Nf6 15. Bxf7+ Kd7 16. Qh3+ Kc7 17. Ne6+ Kb6 18. Qb3+ 1-0

[Event "Madrid 2022-2023 ch - Previa A"]
[Site "Madrid ESP"]
[Date "2023.02.13"]
[Round "4.4"]
[White "Rodriguez Garcia, Jose Maria"]
[Black "Vukotic Jovsic, Dragan"]
[Result "1/2-1/2"]
[WhiteElo "1977"]
[BlackElo "1746"]
[PlyCount "183"]
[EventDate "2023.02.06"]
[EventType "swiss"]
[EventRounds "9"]
[EventCountry "ESP"]
[SourceTitle "Ajedrez en Madrid"]
[Source "lmi"]
[SourceDate "2023.02.06"]
[SourceVersion "1"]
[SourceVersionDate "2023.03.03"]
[SourceQuality "1"]

1. Nf3 d5 2. d4 Nf6 3. e3 c5 4. c3 e6 5. Bd3 Bd6 6. Nbd2 Nc6 7. O-O O-O 8. dxc5
Bxc5 9. e4 e5 10. Qc2 Bg4 11. exd5 Qxd5 12. Ng5 h6 13. Nge4 Nxe4 14. Nxe4 Bb6
15. h3 Rad8 16. Nf6+ gxf6 17. Bh7+ Kg7 18. hxg4 Ne7 19. Be4 Qd7 20. Qe2 Rh8 21.
Qf3 Ng6 22. g3 Ne7 23. a4 a5 24. Kg2 h5 25. gxh5 Rxh5 26. Qxh5 Rh8 27. Qxh8+
Kxh8 28. Rh1+ Kg7 29. Bh6+ Kg8 30. Rad1 Qc8 31. Rh5 Qg4 32. Bf3 Qg6 33. Rd2 e4
34. Be2 Nf5 35. Bf4 e3 36. Rd5 Ng7 37. Rh1 exf2 38. Bd3 f5 39. Rh6 f1=Q+ 40.
Bxf1 Qg4 41. Rxb6 Ne6 42. Rxe6 fxe6 43. Rd8+ Kf7 44. Be5 Qe4+ 45. Kh2 Qxe5 46.
Rd7+ Kg6 47. Rxb7 Qh8+ 48. Kg1 Qc8 49. Rb5 Qc7 50. Kh2 f4 51. Bd3+ Kf6 52. g4
f3+ 53. Kh3 Qf4 54. g5+ Kg7 55. Rb7+ Kf8 56. g6 Qd2 57. Rf7+ Kg8 58. Rxf3 Qxb2
59. Bc4 Qb6 60. Kg2 Kg7 61. Bd3 Qc6 62. Bb5 Qe4 63. Bd3 Qd5 64. Kg3 Qg5+ 65.
Kf2 Qd2+ 66. Kg3 Qxc3 67. Bb5 Qe5+ 68. Kg2 Kxg6 69. Be8+ Kg7 70. Rf7+ Kg8 71.
Rf3 Qd5 72. Kf2 Qd4+ 73. Kg2 e5 74. Bb5 e4 75. Rg3+ Kf8 76. Kh3 Ke7 77. Rg2 Kf6
78. Re2 Qc3+ 79. Kg2 Qf3+ 80. Kg1 Ke5 81. Kh2 e3 82. Kg1 Kf4 83. Kh2 Qg3+ 84.
Kh1 Kf3 85. Rc2 Qe1+ 86. Kh2 Qd2+ 87. Rxd2 exd2 88. Be8 Kf2 89. Bh5 Ke1 90. Kg3
d1=Q 91. Bxd1 Kxd1 92. Kf2 1/2-1/2

[Event "Madrid 2022-2023 ch - Previa A"]
[Site "Madrid ESP"]
[Date "2023.02.13"]
[Round "4.5"]
[White "Garcia Martin, Esteban"]
[Black "Garcia Gonzalez, Pedro A."]
[Result "0-1"]
[WhiteElo "1819"]
[BlackElo "1725"]
[PlyCount "54"]
[EventDate "2023.02.06"]
[EventType "swiss"]
[EventRounds "9"]
[EventCountry "ESP"]
[SourceTitle "Ajedrez en Madrid"]
[Source "lmi"]
[SourceDate "2023.02.06"]
[SourceVersion "1"]
[SourceVersionDate "2023.03.03"]
[SourceQuality "1"]

1. c4 Nf6 2. Nc3 e6 3. e4 d5 4. e5 d4 5. exf6 dxc3 6. fxg7 cxd2+ 7. Bxd2 Bxg7
8. Qc2 Nc6 9. Nf3 Qe7 10. Bd3 Nd4 11. Nxd4 Bxd4 12. Bc3 c5 13. Bxd4 cxd4 14.
O-O-O Qg5+ 15. Kb1 e5 16. Be4 Be6 17. Bxb7 Rb8 18. Bc6+ Kf8 19. h4 Qe7 20. Qd2
Qc5 21. Qh6+ Ke7 22. Bd5 Rxb2+ 23. Kc1 Bxd5 24. Qg5+ Kd7 25. Qxe5 Qxc4+ 26.
Kxb2 Qxa2+ 27. Kc1 Rc8+ 0-1

[Event "Madrid 2022-2023 ch - Previa A"]
[Site "Madrid ESP"]
[Date "2023.02.13"]
[Round "4.6"]
[White "Lopez de Turiso, Jose Angel"]
[Black "Arevillca Colque, Jonatan"]
[Result "0-1"]
[WhiteElo "1926"]
[BlackElo "1765"]
[PlyCount "58"]
[EventDate "2023.02.06"]
[EventType "swiss"]
[EventRounds "9"]
[EventCountry "ESP"]
[SourceTitle "Ajedrez en Madrid"]
[Source "lmi"]
[SourceDate "2023.02.06"]
[SourceVersion "1"]
[SourceVersionDate "2023.03.03"]
[SourceQuality "1"]

1. Nc3 d5 2. e4 d4 3. Nce2 e5 4. Ng3 Nc6 5. Bb5 a6 6. Bxc6+ bxc6 7. d3 Bd6 8.
N1e2 Qh4 9. O-O g5 10. Nf5 Bxf5 11. exf5 Nh6 12. Ng3 e4 13. Re1 e3 14. fxe3
O-O-O 15. Nf1 Ng4 16. g3 Qh3 17. Qf3 dxe3 18. Bxe3 Rde8 19. Bf2 Ne5 20. Qg2
Qxf5 21. Nd2 g4 22. Bd4 f6 23. Bxe5 Rxe5 24. Rxe5 Qxe5 25. Nc4 Bc5+ 26. Kh1 Qd5
27. Re1 Kd7 28. Qe4 Re8 29. Ne3 Rxe4 0-1

[Event "Madrid 2022-2023 ch - Previa A"]
[Site "Madrid ESP"]
[Date "2023.02.13"]
[Round "4.7"]
[White "Marin Lopez, Juan Jose"]
[Black "Garcia Fernandez, Jesus"]
[Result "0-1"]
[WhiteElo "1780"]
[BlackElo "1910"]
[PlyCount "84"]
[EventDate "2023.02.06"]
[EventType "swiss"]
[EventRounds "9"]
[EventCountry "ESP"]
[SourceTitle "Ajedrez en Madrid"]
[Source "lmi"]
[SourceDate "2023.02.06"]
[SourceVersion "1"]
[SourceVersionDate "2023.03.03"]
[SourceQuality "1"]

1. e4 c6 2. d4 d5 3. e5 Bf5 4. Nf3 e6 5. Be2 c5 6. c4 cxd4 7. Qa4+ Nc6 8. Nxd4
Bb4+ 9. Nd2 Nge7 10. O-O O-O 11. Nxc6 Nxc6 12. cxd5 Qxd5 13. Bf3 Qa5 14. Qxa5
Bxa5 15. Nc4 Bc7 16. Bxc6 bxc6 17. Rd1 Rfd8 18. Nd6 Rd7 19. Be3 Rad8 20. Bc5 g5
21. Rd4 Bb6 22. b4 Bg6 23. h4 gxh4 24. Rc1 Rb8 25. a4 a5 26. Bxb6 Rxb6 27. bxa5
Ra6 28. Rc5 Rda7 29. Nc4 Bc2 30. Ne3 Bb3 31. Rg4+ Kf8 32. Rxh4 Bd5 33. Nxd5
cxd5 34. Rxh7 Rxa5 35. Rc8+ Ke7 36. Rg8 Rxa4 37. g3 Re4 38. Rgg7 Kf8 39. Rg5 d4
40. Rh4 Rxh4 41. gxh4 d3 42. f4 d2 0-1

[Event "Madrid 2022-2023 ch - Previa A"]
[Site "Madrid ESP"]
[Date "2023.02.13"]
[Round "4.8"]
[White "Moreno Torrero, Javier"]
[Black "Hernandez Gutierrez, Jose"]
[Result "1-0"]
[WhiteElo "1889"]
[BlackElo "1758"]
[PlyCount "63"]
[EventDate "2023.02.06"]
[EventType "swiss"]
[EventRounds "9"]
[EventCountry "ESP"]
[SourceTitle "Ajedrez en Madrid"]
[Source "lmi"]
[SourceDate "2023.02.06"]
[SourceVersion "1"]
[SourceVersionDate "2023.03.03"]
[SourceQuality "1"]

1. e4 e5 2. Nf3 Nc6 3. Bb5 Nf6 4. O-O Nxe4 5. Re1 Nd6 6. Bxc6 dxc6 7. d4 e4 8.
Ng5 Be7 9. Nxe4 Nxe4 10. Rxe4 O-O 11. Bf4 Bf5 12. Re2 Bg4 13. f3 Be6 14. Nc3
Qd7 15. Qd3 Rad8 16. Rd1 Rfe8 17. b3 Bf5 18. Ne4 Bg6 19. c4 Bc5 20. Be3 Qf5 21.
Nxc5 Qxc5 22. Qd2 Qd6 23. Bf2 Rxe2 24. Qxe2 Qe6 25. Qd2 h6 26. Re1 Qd7 27. Qe3
Kf8 28. Qe5 b6 29. d5 cxd5 30. cxd5 f6 31. Qc3 Bf7 32. Rc1 1-0

[Event "Madrid 2022-2023 ch - Previa A"]
[Site "Madrid ESP"]
[Date "2023.02.13"]
[Round "4.9"]
[White "Guardiola Sevilla, Antonio"]
[Black "Marin Lopez, Jeronimo"]
[Result "0-1"]
[WhiteElo "1716"]
[BlackElo "1875"]
[PlyCount "104"]
[EventDate "2023.02.06"]
[EventType "swiss"]
[EventRounds "9"]
[EventCountry "ESP"]
[SourceTitle "Ajedrez en Madrid"]
[Source "lmi"]
[SourceDate "2023.02.06"]
[SourceVersion "1"]
[SourceVersionDate "2023.03.03"]
[SourceQuality "1"]

1. e4 d6 2. d4 Nf6 3. Nc3 e5 4. dxe5 dxe5 5. Qxd8+ Kxd8 6. Bg5 Be6 7. O-O-O+
Nbd7 8. Nf3 Bd6 9. Bb5 Kc8 10. Rhe1 a6 11. Bd3 b6 12. h3 Kb7 13. Nd2 Bc5 14.
Be3 Bxe3 15. Rxe3 Nh5 16. Bc4 Nf4 17. Bxe6 Nxe6 18. Nb3 Rad8 19. Red3 Kc8 20.
Nd5 Rhe8 21. Nb4 Ndc5 22. Nxc5 Nxc5 23. Rxd8+ Rxd8 24. Rxd8+ Kxd8 25. f3 Kd7
26. Nd5 b5 27. Kd2 Kd6 28. Ne3 g6 29. c3 Ne6 30. b4 Nf4 31. h4 c5 32. bxc5+
Kxc5 33. g3 Ne6 34. Ng4 Kd6 35. Ne3 a5 36. a3 Nc5 37. Kc2 h5 38. Kd2 Na4 39.
Kc2 Nb6 40. Kd3 Kc5 41. f4 f6 42. fxe5 fxe5 43. Nc2 Nc4 44. Ke2 a4 45. Kd3 Nb2+
46. Ke3 Kc4 47. Kd2 Kb3 48. Nb4 Nc4+ 49. Kd3 Kxa3 50. Kc2 Ne3+ 51. Kc1 Kb3 52.
Nc6 a3 0-1

[Event "Madrid 2022-2023 ch - Previa A"]
[Site "Madrid ESP"]
[Date "2023.02.13"]
[Round "4.10"]
[White "Marin Aso, Jose Luis"]
[Black "Cujba, Anca-Claudia"]
[Result "1-0"]
[WhiteElo "1865"]
[BlackElo "1669"]
[PlyCount "49"]
[EventDate "2023.02.06"]
[EventType "swiss"]
[EventRounds "9"]
[EventCountry "ESP"]
[SourceTitle "Ajedrez en Madrid"]
[Source "lmi"]
[SourceDate "2023.02.06"]
[SourceVersion "1"]
[SourceVersionDate "2023.03.03"]
[SourceQuality "1"]

1. e4 c5 2. Nf3 e6 3. Nc3 a6 4. d4 cxd4 5. Nxd4 Qc7 6. Be2 b5 7. O-O b4 8. Na4
Nf6 9. Bf3 Bb7 10. Re1 Nc6 11. e5 Nd5 12. Bxd5 exd5 13. Nf5 Qa5 14. Nd6+ Bxd6
15. exd6+ Kf8 16. c3 bxc3 17. bxc3 d4 18. Rb1 Rb8 19. cxd4 Nxd4 20. Be3 Qd5 21.
f3 Qxd6 22. Bxd4 Qg6 23. Bc5+ Kg8 24. Qd6 Qxd6 25. Bxd6 1-0

[Event "Madrid 2022-2023 ch - Previa A"]
[Site "Madrid ESP"]
[Date "2023.02.13"]
[Round "4.11"]
[White "Jimenez Gonzalez, Marcos"]
[Black "Marcos Herrero, Francisco"]
[Result "1/2-1/2"]
[WhiteElo "1748"]
[BlackElo "1855"]
[PlyCount "99"]
[EventDate "2023.02.06"]
[EventType "swiss"]
[EventRounds "9"]
[EventCountry "ESP"]
[SourceTitle "Ajedrez en Madrid"]
[Source "lmi"]
[SourceDate "2023.02.06"]
[SourceVersion "1"]
[SourceVersionDate "2023.03.03"]
[SourceQuality "1"]

1. d4 Nf6 2. c4 e6 3. g3 d5 4. Bg2 Bb4+ 5. Bd2 Bd6 6. Nf3 c6 7. O-O O-O 8. Nc3
Nbd7 9. Qc2 e5 10. Nxe5 Nxe5 11. dxe5 Bxe5 12. cxd5 cxd5 13. Bg5 Be6 14. Rfd1
Qa5 15. Bxf6 Bxf6 16. Nxd5 Bxd5 17. Rxd5 Qb4 18. Qd2 a5 19. Rb1 Qg4 20. Bf3 Qg6
21. Rd1 h6 22. b3 Rfd8 23. Rxd8+ Rxd8 24. Qc1 b6 25. Rxd8+ Bxd8 26. Qc8 Qf6 27.
Be4 g6 28. Qc6 Kg7 29. Qxf6+ Kxf6 30. Kg2 Ke5 31. Bd3 f5 32. f4+ Kf6 33. Kf3
Be7 34. e4 fxe4+ 35. Kxe4 h5 36. h3 Bc5 37. g4 hxg4 38. hxg4 Bg1 39. Kd5 Be3
40. Kc6 Bf2 41. Kd5 Be3 42. Ke4 Bf2 43. Kf3 Bg1 44. g5+ Kg7 45. Ke4 Bf2 46. Ke5
Be3 47. Ke4 Bf2 48. f5 gxf5+ 49. Kxf5 Bd4 50. g6 1/2-1/2

[Event "Madrid 2022-2023 ch - Previa A"]
[Site "Madrid ESP"]
[Date "2023.02.13"]
[Round "4.13"]
[White "Javaloyes Ruiz, Miguel"]
[Black "Sprenger de la Iglesia, Yevgeni"]
[Result "0-1"]
[WhiteElo "1432"]
[BlackElo "1823"]
[PlyCount "58"]
[EventDate "2023.02.06"]
[EventType "swiss"]
[EventRounds "9"]
[EventCountry "ESP"]
[SourceTitle "Ajedrez en Madrid"]
[Source "lmi"]
[SourceDate "2023.02.06"]
[SourceVersion "1"]
[SourceVersionDate "2023.03.03"]
[SourceQuality "1"]

1. d4 d5 2. c4 c6 3. Nf3 Nf6 4. g3 Bf5 5. Bg2 h6 6. Qb3 Qc8 7. Nc3 e6 8. Bf4
Nbd7 9. Rc1 Be7 10. cxd5 Nxd5 11. Nxd5 exd5 12. Ne5 Be6 13. O-O g5 14. Nxd7
Qxd7 15. Bd2 h5 16. f4 g4 17. Qc2 Bf5 18. e4 dxe4 19. Bxe4 Qxd4+ 20. Rf2 Bxe4
21. Bc3 Qd5 22. Qe2 Rh6 23. Rd1 Bf3 24. Rxd5 Bxe2 25. Re5 Bf3 26. f5 Kf8 27.
Rf1 f6 28. Re6 Bc5+ 29. Rf2 Rd8 0-1

[Event "Madrid 2022-2023 ch - Previa A"]
[Site "Madrid ESP"]
[Date "2023.02.13"]
[Round "4.14"]
[White "Pashov, Spas Nikolov"]
[Black "Martin-Consuegra Barrilero, Francisco Javier"]
[Result "0-1"]
[WhiteElo "1806"]
[BlackElo "1665"]
[PlyCount "88"]
[EventDate "2023.02.06"]
[EventType "swiss"]
[EventRounds "9"]
[EventCountry "ESP"]
[SourceTitle "Ajedrez en Madrid"]
[Source "lmi"]
[SourceDate "2023.02.06"]
[SourceVersion "1"]
[SourceVersionDate "2023.03.03"]
[SourceQuality "1"]

1. e4 d6 2. d4 Nf6 3. Nc3 c6 4. Be2 g6 5. Bg5 Bg7 6. Qd2 a6 7. Nf3 Nfd7 8. O-O
O-O 9. Bh6 e5 10. Rad1 Qe7 11. Rfe1 Re8 12. Bxg7 Kxg7 13. a3 Nf8 14. h3 Nbd7
15. Bc4 Nb6 16. Bb3 h6 17. Re2 g5 18. Qe3 Nbd7 19. Red2 Ng6 20. Kh2 Nf6 21. g3
g4 22. Ng1 gxh3 23. f3 Nh5 24. Nxh3 Nxg3 25. Rg2 Nh5 26. Nf2 Qh4+ 27. Kg1 Nhf4
28. Rh2 Qg5+ 29. Kh1 Ne6 30. Qxg5 hxg5 31. d5 Nd4 32. dxc6 bxc6 33. Kg2 Nh4+
34. Kg3 Nhxf3 35. Rh5 Be6 36. Bxe6 Rxe6 37. Rdh1 Rg8 38. Ncd1 Rf6 39. Ne3 Ne2+
40. Kg4 Rf4+ 41. Kh3 Kg6 42. Kg2 Nh4+ 43. R5xh4 gxh4 44. Nf5 Kf6+ 0-1

[Event "Madrid 2022-2023 ch - Previa A"]
[Site "Madrid ESP"]
[Date "2023.02.13"]
[Round "4.15"]
[White "De Luna Butz, Alberto"]
[Black "De Vicente Guijarro, Juan"]
[Result "1-0"]
[WhiteElo "1665"]
[BlackElo "1803"]
[PlyCount "39"]
[EventDate "2023.02.06"]
[EventType "swiss"]
[EventRounds "9"]
[EventCountry "ESP"]
[SourceTitle "Ajedrez en Madrid"]
[Source "lmi"]
[SourceDate "2023.02.06"]
[SourceVersion "1"]
[SourceVersionDate "2023.03.03"]
[SourceQuality "1"]

1. d4 d5 2. c4 dxc4 3. Qa4+ Nc6 4. Nf3 Nf6 5. e3 Bd7 6. Qxc4 e6 7. Nc3 Na5 8.
Qd3 c5 9. Be2 cxd4 10. exd4 Be7 11. O-O O-O 12. Rd1 Bc6 13. Ne5 Bd5 14. Rb1 Rc8
15. b3 Bb4 16. Nxd5 Nxd5 17. a3 Rc3 18. Qb5 Rc2 19. Bd3 Nc3 20. Qxb4 1-0

[Event "Madrid 2022-2023 ch - Previa A"]
[Site "Madrid ESP"]
[Date "2023.02.13"]
[Round "4.16"]
[White "Sotoca Aguado, Jose"]
[Black "Metola Arias, Mario"]
[Result "1/2-1/2"]
[WhiteElo "1790"]
[BlackElo "1498"]
[PlyCount "66"]
[EventDate "2023.02.06"]
[EventType "swiss"]
[EventRounds "9"]
[EventCountry "ESP"]
[SourceTitle "Ajedrez en Madrid"]
[Source "lmi"]
[SourceDate "2023.02.06"]
[SourceVersion "1"]
[SourceVersionDate "2023.03.03"]
[SourceQuality "1"]

1. d4 Nf6 2. c4 d5 3. Nc3 g6 4. Nf3 Bg7 5. Qb3 c6 6. e3 Qb6 7. Qxb6 axb6 8.
cxd5 Nxd5 9. Nxd5 cxd5 10. Bd3 Bg4 11. Ne5 Bxe5 12. dxe5 Nc6 13. Bb5 O-O 14.
Bd2 Nxe5 15. O-O Nc6 16. Bc3 Rfe8 17. f4 Bf5 18. Rfd1 Be4 19. g4 e6 20. Rd2 Kf8
21. a3 Rec8 22. Rf1 Na5 23. Bd4 Nb3 24. Rdf2 Nxd4 25. exd4 Ke7 26. h4 h5 27. g5
Rc7 28. Kh2 Rac8 29. Kg3 Rc2 30. Rxc2 Rxc2 31. Rf2 Rc1 32. Rf1 Rc2 33. Rf2 Rc1
1/2-1/2

[Event "Madrid 2022-2023 ch - Previa A"]
[Site "Madrid ESP"]
[Date "2023.02.13"]
[Round "4.17"]
[White "Garcia Galeote, Lorenzo"]
[Black "San Segundo Ortiz, Fernando"]
[Result "1-0"]
[WhiteElo "1900"]
[BlackElo "1735"]
[PlyCount "65"]
[EventDate "2023.02.06"]
[EventType "swiss"]
[EventRounds "9"]
[EventCountry "ESP"]
[SourceTitle "Ajedrez en Madrid"]
[Source "lmi"]
[SourceDate "2023.02.06"]
[SourceVersion "1"]
[SourceVersionDate "2023.03.03"]
[SourceQuality "1"]

1. b3 Nf6 2. Bb2 g6 3. Bxf6 exf6 4. c4 Bg7 5. Nc3 f5 6. g3 O-O 7. Bg2 c6 8. Rb1
Re8 9. e3 Qc7 10. Nge2 b6 11. Nb5 Qd8 12. Nd6 Re6 13. Nxc8 Qxc8 14. O-O a5 15.
d4 Ra7 16. Qc2 Re8 17. a3 d6 18. Nc3 Rae7 19. b4 axb4 20. axb4 Ra7 21. Ra1 Ree7
22. b5 Ra5 23. bxc6 Nxc6 24. Nd5 Rea7 25. Rxa5 bxa5 26. Qa4 Ra6 27. Rb1 Bf8 28.
Nb6 Rxb6 29. Rxb6 Nd8 30. Bd5 Ne6 31. Qxa5 Ng5 32. h4 Ne4 33. Qa7 1-0

[Event "Madrid 2022-2023 ch - Previa A"]
[Site "Madrid ESP"]
[Date "2023.02.13"]
[Round "4.18"]
[White "Guach Rodriguez, Marco Antonio"]
[Black "Blazquez Sanz, Oscar"]
[Result "1/2-1/2"]
[WhiteElo "1701"]
[BlackElo "1886"]
[PlyCount "129"]
[EventDate "2023.02.06"]
[EventType "swiss"]
[EventRounds "9"]
[EventCountry "ESP"]
[SourceTitle "Ajedrez en Madrid"]
[Source "lmi"]
[SourceDate "2023.02.06"]
[SourceVersion "1"]
[SourceVersionDate "2023.03.03"]
[SourceQuality "1"]

1. e4 e6 2. d4 d5 3. Nd2 c5 4. Ngf3 Nc6 5. exd5 Qxd5 6. Bc4 Qd8 7. Nb3 cxd4 8.
Nfxd4 Nxd4 9. Qxd4 Qxd4 10. Nxd4 Bd7 11. Be3 Nf6 12. O-O-O Bc5 13. Rhe1 O-O 14.
Bg5 Rfd8 15. f3 Rac8 16. Bb3 h6 17. Bxf6 gxf6 18. Ne2 Bb5 19. Rxd8+ Rxd8 20.
Nc3 Bb4 21. Rd1 Rxd1+ 22. Nxd1 Bd6 23. c4 Bc6 24. h3 f5 25. Kd2 e5 26. Ne3 Bd7
27. Bc2 f4 28. Nf5 Bxf5 29. Bxf5 Kg7 30. a3 a5 31. Kd3 Bc5 32. Ke4 Kf6 33. h4
b6 34. a4 h5 35. Bh3 Bf2 36. Bf5 Bxh4 37. Bh3 Bf2 38. Bf5 Bd4 39. b3 Kg5 40.
Bh3 Kh4 41. Kf5 Kg3 42. Ke4 Kf2 43. Kf5 Ke3 44. Kg5 Kd2 45. Bd7 Kc3 46. Kxh5
Kxb3 47. Bb5 Kc3 48. Kg4 Kd2 49. Bc6 Ke3 50. Be4 f6 51. Kf5 Bb2 52. Bc6 Kf2 53.
Be4 Kxg2 54. Kxf6 Kf2 55. Ke6 Ke3 56. Kd5 Bd4 57. Kc6 Kd2 58. Kb5 Kc3 59. Bd5
Bc5 60. Be4 Kd2 61. Bd5 Ke2 62. Be4 Ke3 63. Bd5 Kd4 64. Be4 Bb4 65. Bd5 1/2-1/2

[Event "Madrid 2022-2023 ch - Previa A"]
[Site "Madrid ESP"]
[Date "2023.02.13"]
[Round "4.19"]
[White "Moreno Sabroso, Ruben"]
[Black "Ciuro Muñoz, Ricardo"]
[Result "0-1"]
[WhiteElo "1455"]
[BlackElo "1860"]
[PlyCount "82"]
[EventDate "2023.02.06"]
[EventType "swiss"]
[EventRounds "9"]
[EventCountry "ESP"]
[SourceTitle "Ajedrez en Madrid"]
[Source "lmi"]
[SourceDate "2023.02.06"]
[SourceVersion "1"]
[SourceVersionDate "2023.03.03"]
[SourceQuality "1"]

1. e4 e6 2. d3 d5 3. Nd2 c5 4. Ngf3 Nc6 5. g3 Nf6 6. Bg2 Be7 7. O-O O-O 8. Re1
b5 9. e5 Nd7 10. Nf1 a5 11. h4 b4 12. Bf4 a4 13. a3 bxa3 14. bxa3 Ba6 15. Ne3
Na5 16. Ng4 Rb8 17. Ng5 h6 18. Nh3 Re8 19. Bxh6 gxh6 20. Nxh6+ Kg7 21. Qd2 Nc6
22. Ng4 Rh8 23. c4 Nd4 24. Rad1 dxc4 25. Qf4 cxd3 26. Bf1 Rb3 27. Re3 Ne2+ 28.
Bxe2 dxe2 29. Re1 Rxe3 30. fxe3 Qa5 31. Kf2 Bd3 32. Ng5 Bxg5 33. Qxg5+ Kf8 34.
Nh6 Qc7 35. Qf4 Nxe5 36. Ng4 Nxg4+ 37. Qxg4 c4 38. Qd4 Rg8 39. g4 Qh2+ 40. Kf3
Qh3+ 41. Kf4 Rxg4+ 0-1

[Event "Madrid 2022-2023 ch - Previa A"]
[Site "Madrid ESP"]
[Date "2023.02.13"]
[Round "4.21"]
[White "Martin Romero, David"]
[Black "Sanchez Arriola, Ignacio"]
[Result "1/2-1/2"]
[WhiteElo "1765"]
[BlackElo "1580"]
[PlyCount "62"]
[EventDate "2023.02.06"]
[EventType "swiss"]
[EventRounds "9"]
[EventCountry "ESP"]
[SourceTitle "Ajedrez en Madrid"]
[Source "lmi"]
[SourceDate "2023.02.06"]
[SourceVersion "1"]
[SourceVersionDate "2023.03.03"]
[SourceQuality "1"]

1. e4 c6 2. d3 d5 3. Nd2 e5 4. Ngf3 Bg4 5. Be2 Bd6 6. O-O Nd7 7. h3 Bh5 8. Nh2
Bxe2 9. Qxe2 Ne7 10. Ndf3 f6 11. Ng4 d4 12. Nh4 Nf8 13. f4 Nfg6 14. Nxg6 Nxg6
15. f5 Ne7 16. Kh1 Kd7 17. Qe1 c5 18. b3 b5 19. a4 a6 20. axb5 axb5 21. Bd2 b4
22. Rxa8 Qxa8 23. Qa1 Nc6 24. Qb2 Qb7 25. Ra1 Ra8 26. Nh2 Ra6 27. Nf3 Qa8 28.
Rxa6 Qxa6 29. Bc1 Na7 30. Nd2 Nb5 31. Nc4 Nc3 1/2-1/2

[Event "Madrid 2022-2023 ch - Previa A"]
[Site "Madrid ESP"]
[Date "2023.02.13"]
[Round "4.22"]
[White "Galarreta Santana, Javier"]
[Black "Mejias Gonzalez, Pedro"]
[Result "1-0"]
[WhiteElo "1739"]
[BlackElo "1489"]
[PlyCount "75"]
[EventDate "2023.02.06"]
[EventType "swiss"]
[EventRounds "9"]
[EventCountry "ESP"]
[SourceTitle "Ajedrez en Madrid"]
[Source "lmi"]
[SourceDate "2023.02.06"]
[SourceVersion "1"]
[SourceVersionDate "2023.03.03"]
[SourceQuality "1"]

1. e4 d5 2. exd5 Nf6 3. d4 Nxd5 4. Nf3 Bg4 5. c4 Nf6 6. Be2 e6 7. Be3 Bb4+ 8.
Nc3 Ne4 9. Qb3 Nc6 10. d5 exd5 11. cxd5 Bxc3+ 12. bxc3 Ne7 13. Qa4+ Qd7 14.
Qxe4 Bf5 15. Qd4 Qxd5 16. Bc4 Qxd4 17. Nxd4 Bg6 18. O-O O-O 19. Bg5 Nf5 20.
Nxf5 Bxf5 21. Rfe1 Rfe8 22. f3 h6 23. Bh4 c6 24. a4 a6 25. a5 Bg6 26. Kf2 Kf8
27. Rxe8+ Rxe8 28. Re1 f6 29. Rxe8+ Kxe8 30. Ke3 Kd7 31. Kd4 Bc2 32. Bg3 g5 33.
Kc5 h5 34. Kb6 h4 35. Bc7 Bd1 36. Kxb7 h3 37. g3 Bxf3 38. Bxa6 1-0